000 00591nam a22001697a 4500
999 _c10835
_d10835
008 180922b ||||| |||| 00| 0 eng d
020 _a978-971-9617-93-8
082 _22016
_aDFil 345.599
_bT82
100 _aTulalian, Victor T.
_930610
245 _aThe revised penal code book II :
_bspecific crimes and their elements /
_cVictor T. Tulalian.
260 _aQuezon City :
_bWiseman's Books Trading, Inc.,
_c©2016.
300 _aviii, 218 pages ;
_c23 cm.
500 _aIncludes appendix.
650 _aCriminal law -- Philippines
_931519
365 _b795.00
_cPhp.
942 _2ddc
_cDFIL